Faculty of Law Library — Cairo University

Official Online Catalog

Traité De L'action Publique Et De L'action Civile en Matière Criminelle. (Record no. 70511)

MARC details
000 -LEADER
fixed length control field 01004nam a2200289 i 4500
003 - CONTROL NUMBER IDENTIFIER
control field EG-GICUC
005 - DATE AND TIME OF LATEST TRANSACTION
control field 20260413095444.0
008 - FIXED-LENGTH DATA ELEMENTS--GENERAL INFORMATION
fixed length control field 260413s1876 fr |||fr|||| 00| 0 fre d
040 ## - CATALOGING SOURCE
Original cataloging agency EG-GiCUC
Language of cataloging fre
Transcribing agency EG-GiCUC
Modifying agency EG-GiCUC
Description conventions Rda
082 04 - DEWEY DECIMAL CLASSIFICATION NUMBER
Edition number 21
Classification number 343.372122
Item number MA . T
092 04 - LOCALLY ASSIGNED DEWEY CALL NUMBER (OCLC)
Edition number 21
099 ## - LOCAL FREE-TEXT CALL NUMBER (OCLC)
Classification number Law1 10 343.372122 MA . T 1876
100 1# - MAIN ENTRY--PERSONAL NAME
Personal name Mangin, M
Relator term Auteur
245 10 - TITLE STATEMENT
Title Traité De L'action Publique Et De L'action Civile en Matière Criminelle.
Number of part/section of a work Tome Premier /
Statement of responsibility, etc. Par M. Mangin.
250 ## - EDITION STATEMENT
Edition statement Troisième Édition
264 #1 - PRODUCTION, PUBLICATION, DISTRIBUTION, MANUFACTURE, AND COPYRIGHT NOTICE
Place of production, publication, distribution, manufacture Paris :
Name of producer, publisher, distributor, manufacturer L. Larose, Libraire-éditeur,
Date of production, publication, distribution, manufacture, or copyright notice 1876.
300 ## - PHYSICAL DESCRIPTION
Extent 449 page ;
Dimensions 24 cm.
336 ## - CONTENT TYPE
Source rda contenu
Content type term texte
337 ## - MEDIA TYPE
Source rda medias
Media type term Ordinateur
338 ## - CARRIER TYPE
Source transporteur rda
Carrier type term Ressource en ligne
650 1# - SUBJECT ADDED ENTRY--TOPICAL TERM
Topical term or geographic name entry element La Justice Pénale en Tant Que Système De Justice Naturelle
Source of heading or term qrmak
650 1# - SUBJECT ADDED ENTRY--TOPICAL TERM
Topical term or geographic name entry element Droit De Pénal
Source of heading or term qrmak
651 1# - SUBJECT ADDED ENTRY--GEOGRAPHIC NAME
Source of heading or term qrmak
856 40 - ELECTRONIC LOCATION AND ACCESS
Uniform Resource Identifier <a href="https://fll.law.cu.edu.eg/fulltext/bks/B10-09002.pdf">https://fll.law.cu.edu.eg/fulltext/bks/B10-09002.pdf</a>
905 ## - Cataloger and Reviser Names
Cataloger Name: Yasmin Sayed
942 ## - ADDED ENTRY ELEMENTS (KOHA)
Source of classification or shelving scheme Dewey Decimal Classification
Koha item type Books
Edition 21
Suppress in OPAC No
Holdings
Withdrawn status Lost status Source of classification or shelving scheme Damaged status Not for loan Collection Home library Current library Date acquired Total checkouts Full call number Barcode Date last seen Copy number Price effective from Koha item type
    Dewey Decimal Classification   Not for loan القانون الجنائي جــــامعة القــاهرة مكتبة كلية الحقوق - المبنى الرئيسي 13.04.2026   Law1 10 343.372122 MA . T 3 ed - 1876 1009002 V1, C1 B10-09002 13.04.2026 1 13.04.2026 Books

© All rights reserved — Faculty of Law, Cairo University